LEADER 00874nam0-2200301---450- 001 990008581860403321 005 20071115133324.0 035 $a000858186 035 $aFED01000858186 035 $a(Aleph)000858186FED01 035 $a000858186 100 $a20071113d1926----km-y0itay50------ba 101 0 $ager 102 $aDE 105 $aa-------001yy 200 1 $aZur Pharmakognosie der Ranunculaceen und Berberidaceen$eAnatomie des Laubblattes$fGerhard Maue 210 $aKiel$cEggert$d1926 215 $a161 p.$cill.$d23 cm 610 0 $aPiante medicinali 676 $a615.32$v20$zita 700 1$aMaue,$bGerhard$0304913 801 0$aIT$bUNINA$gRICA$2UNIMARC 901 $aBK 912 $a990008581860403321 952 $a60 Misc. B 202/9$fFAGBC 959 $aFAGBC 996 $aZur Pharmakognosie der Ranunculaceen und Berberidaceen$9710695 997 $aUNINA LEADER 00839nam a2200193 i 4500 001 991004270538207536 005 20230404113542.0 008 041105s1949 it e 000 0 ita c 040 $aBibl. Dip.le Aggr. Scienze Economia - Sez. Settore Economico 082 0 $a343.45053 100 1 $aAvezza, Gino$0233631 245 00$aLegge tributaria sulle successioni :$b(R.D. 30 dicembre 1923, n. 3270) : coordinata ed aggiornata con le modificazioni successive emanate fino a tutto il 30 giugno 1949 e con le norme principali dei regolamenti e delle istruzioni ministeriali /$cGino Avezza. 260 $aMilano :$bPirola,$c1949 300 $a94 p. ;$c25 cm +$e1 c. di tav. ripieg. 650 7$aSuccessioni$xTributi 700 1 $aAvezza, Guido 912 $a991004270538207536 996 $aLegge tributaria sulle successioni$9645491 997 $aUNISALENTO